000 01286nam a2200373 a 4500
999 _c293
_d293
001 015352860
003 UkOxU
005 20190805140712.0
008 011116r20022001enk 000 0beng d
016 _a100=USNAF preferred
_a600=USNAF preferred
020 _a0140280391
020 _a9780140280395
035 _aBNB2689.502
040 _aOX/U-1
_cKH8
082 _a551.092 WIN
100 1 _aWinchester, Simon.
_eauthor
245 1 4 _aThe map that changed the world :
_ba tale of rocks, ruin and redemption /
_cSimon Winchester
260 _aLondon :
_bPenguin,
_c2002.
300 _axiv, 338 p. :
_bill., facsims., maps (some col.) ;
_c20 cm
500 _aOriginally published: London: Viking, 2001.
504 _aIncludes bibliographical references.
600 1 0 _aSmith, William,
_d1769-1839.
650 0 _aGeologists
_zGreat Britain
_vBiography
650 0 _aGeology, Stratigraphic
_xHistory.
942 _2ddc
_cNFIC